[Event "NRW Class2 0405"]
[Site "Germany"]
[Date "2005.04.24"]
[Round "9.8"]
[White "Iounoussov, Maksim"]
[Black "Kaeding, Rainer"]
[Result "0-1"]
[WhiteElo "2194"]
[BlackElo "2180"]
[PlyCount "60"]
[EventDate "2004.10.10"]
[EventType "team"]
[EventRounds "9"]
[EventCountry "GER"]
[SourceTitle "EXT 2006"]
[Source "ChessBase"]
[SourceDate "2005.11.24"]
[SourceVersion "1"]
[SourceVersionDate "2005.11.24"]
[SourceQuality "1"]
[WhiteTeam "Bochum II"]
[BlackTeam "Castrop Rauxel"]
[WhiteTeamCountry "GER"]
[BlackTeamCountry "GER"]

1. e4 e6 2. d4 d5 3. Nd2 Nc6 4. Ngf3 Nf6 5. e5 Nd7 6. c3 f6 7. exf6 Qxf6 8. Bb5 Bd6 9. 0-0 0-0 10. Nb3 Ncb8 11. Bg5 Qf7 12. Bd3 Qh5 13. Nbd2 e5 14. dxe5 Nxe5 15. Nxe5 Qxg5 16. Nef3 Qh5 17. c4 Nc6 18. Re1 Nb4 19. Be2 Bf5 20. c5 Bxc5 21. Rc1 Bd6 22. a3 Nd3 23. Bxd3 Bxd3 24. Qb3 Ba6 25. Re4 Qf7 26. Rh4 h6 27. Nf1 c5 28. Ne3 d4 29. Qxf7+ Rxf7 30. Nd5 Rf5 0-1

[Event "NRW Class2 0405"]
[Site "Germany"]
[Date "2005.02.20"]
[Round "7.7"]
[White "Weber, Franz Josef"]
[Black "Iounoussov, Maksim"]
[Result "1-0"]
[WhiteElo "2096"]
[BlackElo "2194"]
[PlyCount "99"]
[EventDate "2004.10.10"]
[EventType "team"]
[EventRounds "9"]
[EventCountry "GER"]
[SourceTitle "EXT 2006"]
[Source "ChessBase"]
[SourceDate "2005.11.24"]
[SourceVersion "1"]
[SourceVersionDate "2005.11.24"]
[SourceQuality "1"]
[WhiteTeam "Monheim"]
[BlackTeam "Bochum II"]
[WhiteTeamCountry "GER"]
[BlackTeamCountry "GER"]

1. e4 c5 2. Nf3 e6 3. c3 Qa5 4. Be2 Nc6 5. 0-0 d6 6. d4 Nf6 7. e5 dxe5 8. dxe5 Nd7 9. Bf4 Be7 10. Re1 b5 11. Nbd2 0-0 12. a4 b4 13. Nc4 Qc7 14. Bd3 Ba6 15. Qe2 Bxc4 16. Bxc4 bxc3 17. bxc3 Na5 18. Bd3 c4 19. Be4 Rab8 20. Nd4 g6 21. Nb5 Qc5 22. Be3 Qxe5 23. Bd4 Qg5 24. Bxa7 Rbc8 25. Be3 Qf6 26. Red1 Nc5 27. Bd4 e5 28. Bxc5 Bxc5 29. Rd5 Rfd8 30. Rad1 Kg7 31. Bf3 Re8 32. Bg4 Rc6 33. Bd7 Ree6 34. Bxe6 Qxe6 35. Qxe5+ Qxe5 36. Rxe5 Nb3 37. Re2 Rf6 38. Kf1 Rf4 39. g3 Rf3 40. Kg2 Rf6 41. f4 Ra6 42. Ra2 Be7 43. Rd7 Re6 44. a5 Nc1 45. Rad2 Nd3 46. a6 Ne1+ 47. Kh3 Nf3 48. Ra2 Re1 49. Kg2 Re3 50. a7 1-0

[Event "NRW Class2 0405"]
[Site "Germany"]
[Date "2005.01.09"]
[Round "5.5"]
[White "Iounoussov, Maksim"]
[Black "Rieke, Theo"]
[Result "1/2-1/2"]
[WhiteElo "2194"]
[BlackElo "2233"]
[PlyCount "105"]
[EventDate "2004.10.10"]
[EventType "team"]
[EventRounds "9"]
[EventCountry "GER"]
[SourceTitle "EXT 2006"]
[Source "ChessBase"]
[SourceDate "2005.11.24"]
[SourceVersion "1"]
[SourceVersionDate "2005.11.24"]
[SourceQuality "1"]
[WhiteTeam "Bochum II"]
[BlackTeam "Neuenkirchen"]
[WhiteTeamCountry "GER"]
[BlackTeamCountry "GER"]

1. e4 e5 2. Nf3 Nc6 3. Bb5 Nf6 4. 0-0 Nxe4 5. Re1 Nd6 6. Nxe5 Be7 7. Bf1 Nxe5 8. Rxe5 0-0 9. d4 Bf6 10. Re1 Nf5 11. d5 d6 12. Nd2 Bd7 13. Ne4 Re8 14. c3 g6 15. Nxf6+ Qxf6 16. Bd2 Rxe1 17. Bxe1 Re8 18. Qf3 Qg5 19. Qd3 Nh4 20. Qg3 Qxg3 21. hxg3 Nf5 22. Bd2 h5 23. c4 Nd4 24. Re1 Rxe1 25. Bxe1 c5 26. dxc6 Nxc6 27. Bc3 f5 28. f3 Be6 29. b3 d5 30. c5 d4 31. Bb2 a6 32. Kf2 Kf7 33. Be2 Kf6 34. Ke1 Ke5 35. f4+ Kf6 36. Bf3 Ke7 37. Kd2 Bd7 38. Kd3 Bc8 39. a3 a5 40. Bxd4 Be6 41. Bd1 Bd5 42. Bc3 Bxg2 43. b4 axb4 44. axb4 Ke6 45. Bb3+ Bd5 46. Ba4 Be4+ 47. Ke3 Ne7 48. Bb3+ Bd5 49. Ba4 Be4 50. Kd4 Nc6+ 51. Ke3 Ne7 52. Kd4 Nc6+ 53. Ke3 1/2-1/2

[Event "Sitges op 30th"]
[Site "Sitges"]
[Date "2004.07.??"]
[Round "2"]
[White "Jerez Perez, Alfonso"]
[Black "Iounoussov, Maksim"]
[Result "1-0"]
[WhiteElo "2416"]
[BlackElo "2108"]
[PlyCount "51"]
[EventDate "2004.07.??"]
[EventType "swiss"]
[EventRounds "9"]
[EventCountry "ESP"]
[SourceTitle "EXT 2005"]
[Source "ChessBase"]
[SourceDate "2004.11.15"]
[SourceVersion "1"]
[SourceVersionDate "2004.11.15"]
[SourceQuality "1"]

1. e4 c5 2. Nf3 e6 3. c3 d5 4. exd5 exd5 5. d4 Nf6 6. Bb5+ Bd7 7. Qe2+ Be7 8. dxc5 0-0 9. Be3 Ne4 10. 0-0 Nxc5 11. Nbd2 a6 12. Bd3 Nxd3 13. Qxd3 Bb5 14. c4 dxc4 15. Qxd8 Rxd8 16. a4 Bc6 17. Nxc4 Bxf3 18. Nb6 Ra7 19. gxf3 Nc6 20. Rfd1 h6 21. Rxd8+ Bxd8 22. Bc5 Kh7 23. Re1 Kg6 24. b4 Bc7 25. Re8 Be5 26. Nc4 1-0

[Event "Ruhrgebiet Regionalliga 0304"]
[Site "Ruhrgebiet"]
[Date "2004.02.15"]
[Round "6.6"]
[White "Iounoussov, Maksim"]
[Black "Traunecker, Thomas"]
[Result "1/2-1/2"]
[WhiteElo "2022"]
[BlackElo "1968"]
[PlyCount "79"]
[EventDate "2003.10.05"]
[EventType "team"]
[EventRounds "9"]
[EventCountry "GER"]
[SourceTitle "EXT 2007"]
[Source "ChessBase"]
[SourceDate "2006.11.23"]
[SourceVersion "1"]
[SourceVersionDate "2006.11.23"]
[SourceQuality "1"]
[WhiteTeam "Bochum 31 II"]
[BlackTeam "Kamen"]
[WhiteTeamCountry "GER"]
[BlackTeamCountry "GER"]

1. e4 c5 2. Nf3 Nf6 3. e5 Nd5 4. Nc3 e6 5. Nxd5 exd5 6. d4 d6 7. Bb5+ Nc6 8. 0-0 a6 9. Bxc6+ bxc6 10. Re1 Be7 11. exd6 Qxd6 12. dxc5 Qxc5 13. Bg5 Be6 14. Bxe7 Qxe7 15. Nd4 Qd7 16. Qd2 0-0 17. b4 Qd6 18. Nb3 Rad8 19. Qd4 Bf5 20. Nc5 Bc8 21. Re3 Rfe8 22. Rae1 Rxe3 23. Rxe3 Qg6 24. Nd3 Qd6 25. a4 Bf5 26. Nc5 Bxc2 27. Nb7 c5 28. Nxc5 Rc8 29. Re5 Bxa4 30. Rxd5 Qe7 31. Qd2 Re8 32. h3 Bb5 33. Rd4 Qe5 34. Rd8 g6 35. Rxe8+ Bxe8 36. Nb3 Qe4 37. Nc5 Qe5 38. Nb3 Qe4 39. Nc5 Qe5 40. Nb3 1/2-1/2

[Event "GER-chT U20"]
[Site "Ditzingen"]
[Date "2003.12.28"]
[Round "4.5"]
[White "Iounoussov, Maksim"]
[Black "Pilgram, Alexander"]
[Result "1-0"]
[WhiteElo "2096"]
[BlackElo "1785"]
[PlyCount "147"]
[EventDate "2003.12.27"]
[EventType "team-swiss"]
[EventRounds "7"]
[EventCountry "GER"]
[SourceTitle "EXT 2022"]
[Source "ChessBase"]
[SourceDate "2021.10.06"]
[SourceVersion "1"]
[SourceVersionDate "2021.10.06"]
[SourceQuality "1"]
[WhiteTeam "Bochum SG 31 U20"]
[BlackTeam "Porz SG U20"]
[WhiteTeamCountry "GER"]
[BlackTeamCountry "GER"]

1. e4 e6 2. d3 d5 3. Qe2 Nf6 4. Nf3 b6 5. e5 Nfd7 6. g3 Bb7 7. Bg2 Be7 8. h4 c5 9. 0-0 Nc6 10. c4 d4 11. Re1 h6 12. h5 Qc7 13. Na3 a6 14. Nc2 0-0-0 15. a3 Ndb8 16. Bd2 a5 17. b4 axb4 18. axb4 cxb4 19. Reb1 Na6 20. Bh3 Bc5 21. Bf4 Na5 22. Nd2 Qc6 23. Ne4 Nxc4 24. Bg2 Qd7 25. Qd1 Bxe4 26. Bxe4 Na5 27. Bd2 Qe7 28. Qe1 Nb8 29. Bxb4 Nac6 30. Bxc5 Qxc5 31. Na3 Kd7 32. Nc4 b5 33. Nd6 Nxe5 34. Nb7 Qc3 35. Nxd8 Qxe1+ 36. Rxe1 Rxd8 37. Rab1 Ke7 38. Rxb5 Nbd7 39. f4 Ng4 40. Rc1 Ngf6 41. Bf3 Ne8 42. Ra1 f6 43. Ra7 Nd6 44. Rb4 e5 45. fxe5 fxe5 46. Bg4 Ke8 47. Ra5 Nf6 48. Rxe5+ Kf8 49. Rxd4 Nxg4 50. Rxg4 Nf7 51. Re3 Ng5 52. Kg2 g6 53. Rf4+ Kg8 54. hxg6 Kg7 55. d4 Kxg6 56. Re5 Rd6 57. d5 Kg7 58. Kf1 Ra6 59. Re1 Kg6 60. Rd1 Nf7 61. Ke2 Nd6 62. Re1 Ra5 63. Rd1 Kg5 64. Rf8 Nf5 65. Rg8+ Kf6 66. d6 Ra2+ 67. Kf3 Ra3+ 68. Kf2 Ra2+ 69. Kg1 Nxd6 70. Rxd6+ Kf7 71. Rgg6 h5 72. Rh6 Ke7 73. Rd5 Ra1+ 74. Kg2 1-0

[Event "GER-chT U20"]
[Site "Ditzingen"]
[Date "2003.12.27"]
[Round "1.5"]
[White "Buschmann, Stephan"]
[Black "Iounoussov, Maksim"]
[Result "0-1"]
[WhiteElo "1725"]
[BlackElo "2096"]
[PlyCount "72"]
[EventDate "2003.12.27"]
[EventType "team-swiss"]
[EventRounds "7"]
[EventCountry "GER"]
[SourceTitle "EXT 2022"]
[Source "ChessBase"]
[SourceDate "2021.10.06"]
[SourceVersion "1"]
[SourceVersionDate "2021.10.06"]
[SourceQuality "1"]
[WhiteTeam "Plauen Koenig U20"]
[BlackTeam "Bochum SG 31 U20"]
[WhiteTeamCountry "GER"]
[BlackTeamCountry "GER"]

1. d4 d5 2. c4 e6 3. Nc3 c5 4. cxd5 exd5 5. Nf3 Nc6 6. g3 c4 7. Bg2 Bb4 8. 0-0 Nge7 9. a3 Ba5 10. b4 cxb3 11. Qxb3 0-0 12. e3 Bf5 13. Ne5 Be6 14. Nd3 Bxc3 15. Qxc3 Rc8 16. Bd2 Bf5 17. Qb3 b6 18. Rfc1 Be4 19. Bb4 Bxg2 20. Kxg2 Re8 21. Nf4 Qd7 22. a4 Qg4 23. a5 g5 24. Nd3 Qe4+ 25. Kg1 Nf5 26. Ne1 Nfxd4 27. Qb2 Nxb4 28. exd4 bxa5 29. Qd2 h6 30. Rxc8 Rxc8 31. Rxa5 Rc4 32. Rxa7 Rxd4 33. Qc3 Nc6 34. Ra8+ Kh7 35. Rc8 Ne5 36. Ra8 Rd1 0-1

[Event "Ruhrgebiet Regionalliga 0304"]
[Site "Ruhrgebiet"]
[Date "2003.11.09"]
[Round "3.7"]
[White "Iounoussov, Maksim"]
[Black "Busche, Klaus"]
[Result "0-1"]
[WhiteElo "2022"]
[BlackElo "1980"]
[PlyCount "62"]
[EventDate "2003.10.05"]
[EventType "team"]
[EventRounds "9"]
[EventCountry "GER"]
[SourceTitle "EXT 2007"]
[Source "ChessBase"]
[SourceDate "2006.11.23"]
[SourceVersion "1"]
[SourceVersionDate "2006.11.23"]
[SourceQuality "1"]
[WhiteTeam "Bochum 31 II"]
[BlackTeam "Ahlen"]
[WhiteTeamCountry "GER"]
[BlackTeamCountry "GER"]

1. e4 d5 2. Nc3 dxe4 3. Nxe4 Bf5 4. Ng3 Bg6 5. d4 e6 6. N1e2 c5 7. Be3 Qb6 8. Nf4 Nf6 9. Nxg6 hxg6 10. dxc5 Bxc5 11. Bxc5 Qxc5 12. Bd3 Nc6 13. c3 0-0-0 14. Qe2 Qe5 15. 0-0-0 Qxe2 16. Bxe2 Rxd1+ 17. Bxd1 Ne5 18. Re1 Nd3+ 19. Kd2 Nxe1 20. Kxe1 Rxh2 21. Bf3 Rh8 22. Ke2 b6 23. c4 Kd7 24. Kd3 Kd6 25. b4 Rh4 26. Be2 Rh2 27. Bf3 g5 28. Nf1 Rh1 29. Be2 Nd7 30. g4 f5 31. Nd2 Ra1 0-1

[Event "Porto San Giorgio op 15th"]
[Site "Porto San Giorgo"]
[Date "2003.08.21"]
[Round "1"]
[White "Tischbierek, Raj"]
[Black "Iounoussov, Maksim"]
[Result "1-0"]
[WhiteElo "2522"]
[BlackElo "2066"]
[PlyCount "43"]
[EventDate "2003.08.21"]
[EventType "swiss"]
[EventRounds "9"]
[EventCountry "ITA"]
[SourceTitle "CBM 095 Extra"]
[Source "ChessBase"]
[SourceDate "2003.09.04"]
[SourceVersion "1"]
[SourceVersionDate "2003.09.04"]
[SourceQuality "1"]

1. e4 c5 2. Nc3 e6 3. Nf3 a6 4. d4 cxd4 5. Nxd4 b5 6. Bd3 d6 7. 0-0 Nf6 8. a4 b4 9. Na2 e5 10. Ne2 Nc6 11. Bg5 Be7 12. c3 bxc3 13. Naxc3 Be6 14. f4 Qb6+ 15. Kh1 Ng4 16. Bxe7 Nxe7 17. f5 Bb3 18. a5 Qb7 19. Qd2 0-0 20. Nc1 Rfc8 21. Qe2 Nf6 22. Ra3 1-0

[Event "Dortmund op-A"]
[Site "Dortmund"]
[Date "2003.08.08"]
[Round "7"]
[White "Franke, Thomas"]
[Black "Iounoussov, Maksim"]
[Result "1-0"]
[WhiteElo "2162"]
[BlackElo "2066"]
[PlyCount "67"]
[EventDate "2003.08.01"]
[EventType "swiss"]
[EventRounds "9"]
[EventCountry "GER"]
[SourceTitle "CBM 095 Extra"]
[Source "ChessBase"]
[SourceDate "2003.09.04"]
[SourceVersion "1"]
[SourceVersionDate "2003.09.04"]
[SourceQuality "1"]

1. Nf3 e6 2. d4 f5 3. g3 Nf6 4. Bg2 d5 5. 0-0 Bd6 6. Nbd2 Nbd7 7. Ng5 Qe7 8. f3 h6 9. Nh3 0-0 10. e4 fxe4 11. fxe4 e5 12. exd5 exd4 13. Nf4 Bxf4 14. Rxf4 Nb6 15. Nf1 Nfxd5 16. Rxd4 c6 17. c4 Nf6 18. b3 Be6 19. Bf4 Rfd8 20. Bd6 Qf7 21. Ne3 Qh5 22. Qxh5 Nxh5 23. Rad1 Nc8 24. Be5 Rxd4 25. Rxd4 Ne7 26. Rh4 Nf6 27. Bxf6 gxf6 28. Rxh6 Kg7 29. Rh4 Rd8 30. Re4 Kf7 31. Nf1 Rd1 32. Kf2 a5 33. Bf3 Ra1 34. Bh5+ 1-0

[Event "Dortmund op-A"]
[Site "Dortmund"]
[Date "2003.08.07"]
[Round "6"]
[White "Iounoussov, Maksim"]
[Black "Ciornei, Dragos"]
[Result "1/2-1/2"]
[WhiteElo "2066"]
[BlackElo "2216"]
[PlyCount "69"]
[EventDate "2003.08.01"]
[EventType "swiss"]
[EventRounds "9"]
[EventCountry "GER"]
[SourceTitle "CBM 095 Extra"]
[Source "ChessBase"]
[SourceDate "2003.09.04"]
[SourceVersion "1"]
[SourceVersionDate "2003.09.04"]
[SourceQuality "1"]

1. e4 e5 2. Nf3 Nc6 3. Nc3 g6 4. d4 exd4 5. Nxd4 Bg7 6. Nde2 d6 7. g3 Nge7 8. Bg2 0-0 9. 0-0 f5 10. f4 fxe4 11. Nxe4 Bf5 12. c3 Kh8 13. Be3 Qd7 14. Nd4 Bg4 15. Qd2 Nf5 16. Nxf5 Bxf5 17. Rae1 Rae8 18. Bf2 Bh3 19. Ng5 Bxg2 20. Kxg2 h6 21. Nf3 Kh7 22. Qd3 Bf6 23. Nd4 Nxd4 24. Bxd4 Qc6+ 25. Kg1 Qd5 26. Qd1 Bxd4+ 27. Qxd4 Qxa2 28. f5 gxf5 29. Rxe8 Rxe8 30. c4 Qa5 31. Qf6 Qc5+ 32. Kh1 Qc6+ 33. Kg1 Qc5+ 34. Kh1 Qc6+ 35. Kg1 1/2-1/2

[Event "NRW-ch U16"]
[Site "Kranenburg"]
[Date "2003.04.24"]
[Round "5"]
[White "Iounoussov, Maksim"]
[Black "Hilverda, Alexander"]
[Result "1/2-1/2"]
[WhiteElo "1992"]
[BlackElo "1933"]
[PlyCount "111"]
[EventDate "2003.04.??"]
[EventType "swiss"]
[EventRounds "7"]
[EventCountry "GER"]
[SourceTitle "EXT 2005"]
[Source "ChessBase"]
[SourceDate "2004.11.15"]
[SourceVersion "1"]
[SourceVersionDate "2004.11.15"]
[SourceQuality "1"]

1. e4 c5 2. Nf3 Nc6 3. Bb5 g6 4. 0-0 Bg7 5. Re1 Nf6 6. c3 0-0 7. e5 Nd5 8. d4 Nc7 9. Bxc6 dxc6 10. h3 Ne6 11. Na3 Qc7 12. Be3 Rd8 13. Qe2 Bd7 14. dxc5 Bxe5 15. Nxe5 Qxe5 16. Nc4 Qc7 17. Qf3 Be8 18. Bh6 Rd5 19. b4 Rad8 20. Rad1 Rxd1 21. Rxd1 Rxd1+ 22. Qxd1 Qd7 23. Qf3 Nc7 24. h4 f6 25. Ne3 Qd2 26. Qg3 Qd7 27. h5 e5 28. Qf3 Qe6 29. Qd1 Nb5 30. Qd8 Nxc3 31. Ng4 Nd5 32. Bd2 Qd7 33. Qxf6 Qxg4 34. Qxe5 Qd1+ 35. Be1 Qxh5 36. Qxe8+ Kg7 37. Qd7+ Kh6 38. Bd2+ g5 39. Qe6+ Qg6 40. Qh3+ Qh5 41. Qe6+ Qg6 42. Qc8 Qf7 43. Qg4 Qh5 44. Qe6+ Qg6 45. Qd7 Qb1+ 46. Kh2 Qg6 47. g3 Nf6 48. Qc8 Qh5+ 49. Kg2 Qf7 50. Qf5 Qd5+ 51. Qxd5 Nxd5 52. Kf3 Kg6 53. Ke4 Kf6 54. g4 h6 55. a3 Ke6 56. f3 1/2-1/2

[Event "Goch op 14th"]
[Site "Goch"]
[Date "2003.??.??"]
[Round "2"]
[White "Iounoussov, Maksim"]
[Black "Schebler, Gerhard"]
[Result "0-1"]
[WhiteElo "2065"]
[BlackElo "2480"]
[PlyCount "62"]
[EventDate "2003.10.02"]
[EventType "swiss"]
[EventRounds "7"]
[EventCountry "GER"]
[SourceTitle "EXT 2006"]
[Source "ChessBase"]
[SourceDate "2005.11.24"]
[SourceVersion "1"]
[SourceVersionDate "2005.11.24"]
[SourceQuality "1"]

1. e4 c5 2. Nf3 e6 3. d4 cxd4 4. Nxd4 Qb6 5. Nb3 Qc7 6. Bd3 Nf6 7. 0-0 a6 8. Qe2 d6 9. c4 b6 10. Nc3 Nbd7 11. f4 Bb7 12. Bd2 Be7 13. Rae1 h5 14. Rf3 g6 15. Kh1 Ng4 16. Rh3 0-0-0 17. a4 Nc5 18. Nxc5 dxc5 19. a5 bxa5 20. Ra1 Rd4 21. Nd1 Rhd8 22. Bxa5 Qxf4 23. Bxd8 Bxd8 24. Qf3 Qxf3 25. Rxf3 Ne5 26. Be2 Nxf3 27. gxf3 Rd2 28. Bf1 Bc7 29. h3 Be5 30. Rb1 Bd4 31. Bg2 g5 0-1

[Event "Recklinghausen op 13th"]
[Site "Recklinghausen"]
[Date "2002.08.19"]
[Round "2"]
[White "Schnur, Edmund"]
[Black "Iounoussov, Maksim"]
[Result "0-1"]
[WhiteElo "2188"]
[BlackElo "2053"]
[PlyCount "76"]
[EventDate "2002.08.19"]
[EventType "swiss"]
[EventRounds "9"]
[EventCountry "GER"]
[SourceTitle "CBM 089 Extra"]
[Source "ChessBase"]
[SourceDate "2002.09.10"]
[SourceVersion "2"]
[SourceVersionDate "2002.09.10"]
[SourceQuality "1"]

1. e4 e6 2. d4 d5 3. Nc3 Nf6 4. Bg5 Bb4 5. e5 h6 6. Bd2 Bxc3 7. bxc3 Ne4 8. Bd3 Nxd2 9. Qxd2 c5 10. Nf3 Nc6 11. 0-0 Qa5 12. Rfd1 Bd7 13. Rab1 c4 14. Bf1 b5 15. Ne1 Rb8 16. f4 Qd8 17. g3 a5 18. Nf3 b4 19. cxb4 axb4 20. c3 bxc3 21. Qxc3 0-0 22. g4 Qa5 23. Qxa5 Nxa5 24. Rdc1 Rfc8 25. Kf2 Nc6 26. Be2 Ra8 27. Rb7 Be8 28. Rc2 Rcb8 29. Rxb8 Rxb8 30. Ke3 Ra8 31. Kd2 Nb4 32. Rb2 Nxa2 33. Kc2 Ba4+ 34. Kb1 Nc3+ 35. Kc1 Bb3 36. Kd2 Ne4+ 37. Kc1 Ra1+ 38. Rb1 Rxb1+ 0-1

[Event "Borbecker Oster op 8th"]
[Site "Essen"]
[Date "2002.03.30"]
[Round "5.7"]
[White "Schebler, Gerhard"]
[Black "Iounoussov, Maksim"]
[Result "1-0"]
[WhiteElo "2474"]
[BlackElo "2038"]
[PlyCount "66"]
[EventDate "2002.03.27"]
[EventType "swiss"]
[EventRounds "9"]
[EventCountry "GER"]
[SourceTitle "CBM 087 Extra"]
[Source "ChessBase"]
[SourceDate "2002.05.03"]
[SourceVersion "2"]
[SourceVersionDate "2002.08.09"]
[SourceQuality "1"]

1. Nf3 d5 2. g3 e6 3. Bg2 Nf6 4. 0-0 c5 5. c4 Nc6 6. d4 Be7 7. cxd5 exd5 8. Nc3 0-0 9. Bg5 cxd4 10. Nxd4 h6 11. Bf4 Bg4 12. h3 Be6 13. Nxe6 fxe6 14. Qb3 Na5 15. Qc2 Qe8 16. Rad1 Rc8 17. e4 Nxe4 18. Bxe4 dxe4 19. Qxe4 Qf7 20. Rd7 Rfd8 21. Rfd1 Rxd7 22. Rxd7 Rd8 23. Rc7 Rf8 24. Be3 a6 25. b4 Nc6 26. Rxb7 Nd8 27. Ra7 Qf6 28. Bd4 Qg5 29. Kg2 Bf6 30. f4 Qh5 31. Bxf6 Rxf6 32. Rxa6 Rf8 33. Ra7 Rf7 1-0

[Event "Ruhrgebiet VK3 0001"]
[Site "Ruhrgebiet"]
[Date "2000.11.19"]
[Round "3"]
[White "Iounoussov, Maksim"]
[Black "Witt, Rainer"]
[Result "0-1"]
[WhiteElo "1888"]
[BlackElo "1766"]
[PlyCount "176"]
[EventDate "2000.09.17"]
[EventType "team-tourn"]
[EventRounds "9"]
[EventCountry "GER"]
[SourceTitle "EXT 2023"]
[Source "ChessBase"]
[SourceDate "2022.10.05"]
[SourceVersion "1"]
[SourceVersionDate "2022.10.05"]
[SourceQuality "1"]
[WhiteTeam "Bochum SG III"]
[BlackTeam "Bochum Post II"]
[WhiteTeamCountry "GER"]
[BlackTeamCountry "GER"]

1. e4 c5 2. Nc3 Nc6 3. f4 g6 4. Nf3 Bg7 5. Bc4 e6 6. f5 gxf5 7. d3 a6 8. a4 Nge7 9. Bg5 Qc7 10. 0-0 b6 11. Nh4 Bd4+ 12. Kh1 d6 13. Qe2 Ne5 14. exf5 Nxc4 15. dxc4 Be5 16. fxe6 Bxe6 17. Bf6 Bxc3 18. Bxc3 Rg8 19. Nf5 Nxf5 20. Rxf5 0-0-0 21. Rf6 Qc6 22. Rf2 Rg6 23. a5 Rdg8 24. b3 Bh3 25. Rg1 b5 26. cxb5 axb5 27. a6 Be6 28. Bd2 Kd7 29. a7 Ra8 30. Qf3 Rxa7 31. Qxc6+ Kxc6 32. Bf4 d5 33. Rd1 d4 34. h3 Ra2 35. Kh2 Bxb3 36. Rdd2 Bd5 37. Rde2 Be6 38. Bg3 Ra3 39. Bf4 Rc3 40. Rd2 Bd5 41. Rde2 Be6 42. Rd2 Kd5 43. Rde2 Kc4 44. Be5 b4 45. Bf4 b3 46. cxb3+ Rxb3 47. Rc2+ Kb5 48. Rce2 Rg8 49. Bd6 Rd8 50. Bf4 d3 51. Rd2 c4 52. Rf3 Rd7 53. Kg3 Bf5 54. Kh2 c3 55. Rd1 Be4 56. Rf2 Ra7 57. Be3 Rd7 58. Bf4 f5 59. Be3 Kc4 60. Bf4 d2 61. Bxd2 cxd2 62. Rdxd2 Rxd2 63. Rxd2 Kc3 64. Rf2 Rb2 65. Rxb2 Kxb2 66. Kg3 Kc3 67. Kf4 Bxg2 68. Kxf5 Bxh3+ 69. Kg5 Bf1 70. Kh6 Bd3 71. Kg5 Kd4 72. Kh6 Ke5 73. Kg5 Bf5 74. Kh5 Kf6 75. Kh6 Bd3 76. Kh5 Kg7 77. Kg5 Bg6 78. Kg4 h6 79. Kh4 Kf6 80. Kg4 Bf7 81. Kh4 Kf5 82. Kg3 Kg5 83. Kh3 h5 84. Kg3 Be6 85. Kg2 h4 86. Kh2 Kg4 87. Kg2 Bd5+ 88. Kh2 h3 0-1